000 00690nam a2200217Ia 4500
003 IN-BaIIA
008 211028s9999 xx 000 0 eng d
020 _a0-08-021626-9
040 _cIIA Library
080 _a084.4:524.318.7
_bPAP-3
100 _aPapadopoulos, Christos
245 0 _aTrue visual magnitude photographic star atlas
_bvol. 3, northern stars
_cChristos Papadopoulos and Charles Scovil
260 _aOxford
_bPergamon Press
_c1980
300 _a[various pagings.]
650 _aAtlas
650 _aNorthern stars
_912062
650 _aStars
650 _aVisual magnitudes
_912063
700 _aScovil, Charles
_912064
942 _cBK
999 _c7052
_d7052